La patagonia rebelde : la masacre /

Guardado en:
Autor Principal: Bayer, Osvaldo
Formato: Libro
Publicado: Buenos Aires : Planeta, 1994
Materias:
Etiquetas: Agregar Etiqueta
Sin Etiquetas, Sea el primero en etiquetar este registro!
LEADER 00520nam a22001695a 4500
001 EHU.bham021504
003 AR-BHAM
005 20101029144124.0
008 130507s1994##################000#0#####d
082 9 8 |a 982.7 
100 1 |a Bayer, Osvaldo 
245 1 0 |a La patagonia rebelde :  |b la masacre /  |c Osvaldo Bayer 
260 |a Buenos Aires :  |b Planeta,  |c 1994 
300 |a 380 p. 
653 |a Centro de estudios regionales (cer) 
653 |a Historia argentina 
859 |a AR-BHAM  |b BIB. HUMANIDADES - CER  |h 982.7  |i B341  |p 592.97  |t Ej.1  |v II CER  |3 II